000 00466nam a2200157 a 4500
001 000041604
005 20201002035649.0
008 131014s2003 sp 000 0 spa d
040 _aDO-SdBNP
_bspa
_cBNPHU
082 _axxxxx
_bxxxxx
100 1 _aMartín Sánchez, Manuel
_968376
245 1 0 _aBálneo. /
_cManuel Martín Sánchez.
260 _aMadrid :
_bEdaf,
_c2003.
300 _a294 p. :
_b23 cm.
500 _aIncluye datos biográficos del autor en las solapas
999 _c41094
_d41094